Синтез, исследование и применение рекуррентных алгоритмов оценивания параметров математических моделей объектов в автоматизированных системах управления: автореферат диссертации на соискание ученой степени кандидата технических наук; спец. 05.13.06

מידע ביבליוגרפי
מחבר ראשי: Карелин А. Е. Алексей Евгеньевич
מחבר תאגידי: Томский государственный университет систем управления и радиоэлектроники (ТУСУР)
מחברים אחרים: Светлаков А. А. Анатолий Антонович (научный руководитель)
סיכום:Защита сост. 29.05.2007 г.
שפה:רוסית
יצא לאור: Томск, [Б. и.], 2007
נושאים:
פורמט: ספר
KOHA link:https://koha.lib.tpu.ru/cgi-bin/koha/opac-detail.pl?biblionumber=118541

MARC

LEADER 00000nam0a2200000 4500
001 118541
005 20231031124155.0
035 |a (RuTPU)RU\TPU\book\128267 
090 |a 118541 
100 |a 20070614d2007 k y0rusy50 ca 
101 0 |a rus 
102 |a RU 
105 |a a dm 001zy 
200 1 |a Синтез, исследование и применение рекуррентных алгоритмов оценивания параметров математических моделей объектов в автоматизированных системах управления  |e автореферат диссертации на соискание ученой степени кандидата технических наук  |e спец. 05.13.06  |f А. Е. Карелин  |g Томский государственный университет систем управления и радиоэлектроники (ТУСУР); науч. рук. А. А. Светлаков 
210 |a Томск  |c [Б. и.]  |d 2007 
215 |a 20 с.  |c ил. 
300 |a Защита сост. 29.05.2007 г. 
320 |a Библиогр.: с. 19-20 (12 назв.). 
610 1 |a автоматизированные системы управления 
610 1 |a АСУ 
610 1 |a рекуррентные алгоритмы 
610 1 |a синтез 
610 1 |a исследование 
610 1 |a математические модели 
610 1 |a параметры 
610 1 |a оценивание 
610 1 |a адаптивные регуляторы 
610 1 |a синтезированные алгоритмы 
610 1 |a применение 
610 1 |a авторефераты диссертаций 
675 |a 681.51.01:51(04)  |v 3 
686 |a 05.13.06  |2 oksvnk 
700 1 |a Карелин  |b А. Е.  |g Алексей Евгеньевич 
702 1 |a Светлаков  |b А. А.  |g Анатолий Антонович  |4 727 
712 0 2 |a Томский государственный университет систем управления и радиоэлектроники (ТУСУР)  |c (1997 - )  |2 stltpush  |3 (RuTPU)RU\TPU\col\422 
801 1 |a RU  |b 63413507  |c 20070614  |g PSBO 
801 2 |a RU  |b 63413507  |c 20070706  |g PSBO 
942 |c BK